Por los linderos de la lengua: ideologías lingüísticas en los Andes

Uloženo v:
Podrobná bibliografie
Hlavní autor: Howard, Rosaleen (Autor)
Médium: Kniha
Jazyk:španělština
Vydáno: Lima IFEA 2007
Vydání:1a. ed
Témata:
Tagy: Přidat tag
Žádné tagy, Buďte první, kdo vytvoří štítek k tomuto záznamu!

MARC

LEADER 00000cam a2200000 a 4500
001 UCF3206
003 CL-VaPUC
008 121004e20070100PE |||||||||||||||||spa|d
020 |a 9789972511646 
082 0 4 |a 401.43  |b HOW  |2 21 
100 0 |a Howard, Rosaleen  |e author  |9 565151 
245 1 0 |a Por los linderos de la lengua: ideologías lingüísticas en los Andes 
250 |a 1a. ed 
300 |a 426 p 
942 |c BK 
945 |d 20121004 00:00:00  |a dcastane 
260 |a Lima  |b IFEA  |c 2007 
650 0 |a Lenguas  |9 324269 
650 0 |a Lingüística  |9 265068 
650 0 |a Etnolingüística  |9 341076 
650 0 |a Antropología cultural y social   |9 265143 
583 |a last modification  |c 20121004 18:42:00  |k Rodrigo Vera 
999 |c 349688  |d 349686 
952 |0 0  |1 0  |4 0  |6 401_430000000000000_HOW_2007  |7 0  |8 A  |9 452418  |a FDOPOS  |b FDOPOS  |d 2019-11-22  |i 4910486  |o 401.43 HOW 2007  |p 4910486  |r 2025-01-22  |w 2019-11-22  |y BK  |k DLA